From Victim Diaspora to Transborder Citizenship? : Diaspora Formation and Transnational Relations among Kurds in France and Sweden.

Bibliographic Details
Main Author: Khayati, Khalid.
Format: eBook
Language:English
Published: Linköping : Linkopings Universitet, 2008.
Edition:1st ed.
Series:Linköping Studies in Arts and Sciences Series
Subjects:
Online Access:Click to View
LEADER 01614nam a22003613i 4500
001 EBC30401226
003 MiAaPQ
005 20240729202205.0
006 m o d |
007 cr cnu||||||||
008 240729s2008 xx o ||||0 eng d
020 |a 9789173938846  |q (electronic bk.) 
035 |a (MiAaPQ)EBC30401226 
035 |a (Au-PeEL)EBL30401226 
035 |a (OCoLC)1382694158 
040 |a MiAaPQ  |b eng  |e rda  |e pn  |c MiAaPQ  |d MiAaPQ 
100 1 |a Khayati, Khalid. 
245 1 0 |a From Victim Diaspora to Transborder Citizenship? :  |b Diaspora Formation and Transnational Relations among Kurds in France and Sweden. 
250 |a 1st ed. 
264 1 |a Linköping :  |b Linkopings Universitet,  |c 2008. 
264 4 |c {copy}2008. 
300 |a 1 online resource (295 pages) 
336 |a text  |b txt  |2 rdacontent 
337 |a computer  |b c  |2 rdamedia 
338 |a online resource  |b cr  |2 rdacarrier 
490 1 |a Linköping Studies in Arts and Sciences Series ;  |v v.435 
588 |a Description based on publisher supplied metadata and other sources. 
590 |a Electronic reproduction. Ann Arbor, Michigan : ProQuest Ebook Central, 2024. Available via World Wide Web. Access may be limited to ProQuest Ebook Central affiliated libraries.  
655 4 |a Electronic books. 
776 0 8 |i Print version:  |a Khayati, Khalid  |t From Victim Diaspora to Transborder Citizenship?  |d Linköping : Linkopings Universitet,c2008 
797 2 |a ProQuest (Firm) 
830 0 |a Linköping Studies in Arts and Sciences Series 
856 4 0 |u https://ebookcentral.proquest.com/lib/matrademy/detail.action?docID=30401226  |z Click to View